000 00414nam a22001697a 4500
003 MACL
005 20160115124845.0
008 160115b xxu||||| |||| 00| 0 eng d
040 _cMACL
041 _aEnglish
082 _a370/CHA
100 _aChaturvedi,Vibha
_932537
245 _aGirl Child Changing Perceptions
260 _aDelhi
_bThe Women Press
_c2010
650 _aEducations
_932508
942 _2ddc
_cBK
999 _c52404
_d52404